| 000 | 00635nam a2200181Ia 4500 | ||
|---|---|---|---|
| 003 | IN-BaIIA | ||
| 008 | 211028s9999 xx 000 0 eng d | ||
| 020 | _a92-9092-399-7 | ||
| 040 | _cIIA Library | ||
| 080 |
_a083.8:524.3 _bESA-16 |
||
| 110 | _aEuropean Space Agency | ||
| 245 | 0 |
_aHipparcos and Tycho catalogues _bvol. 16, millenium star atlas (16h-23h) _cEuropean Space Agency |
|
| 260 |
_aNetherlands _bEuropean Space Agency _c1997 |
||
| 300 | _a1033-1548p | ||
| 490 | _aSP-1200 | ||
| 650 |
_aHipparcos and Tycho catalogues, Catalog-Hipparcos and Tycho, Star catalog _921729 |
||
| 942 | _cBK | ||
| 999 |
_c12418 _d12418 |
||